Missing Word: TV Shows 1970s A-Z II Quiz Stats

Quiz Updated May 19, 2016

Challenge
Share
Tweet
Embed
Score 0/22 Timer 04:00
0 Plays Today
Show Word % Correct
The _____ BunchBrady
99.1%
The Six _____ Dollar ManMillion
96.7%
_____ Five-OHawaii
96.6%
The _____ is RightPrice
95.7%
The _____ and the RestlessYoung
95.3%
_____ FuKung
94.5%
The Bionic _____Woman
93.2%
The Mary _____ Moore ShowTyler
92.2%
The _____ Burnett ShowCarol
91.4%
_____ Bunker's PlaceArchie
90.4%
_____ TimesGood
89.9%
Show Word % Correct
I Dream Of _____Jeannie
89.9%
_____ Day at a TimeOne
89.9%
_____ and MarieDonny
87.9%
The Bob _____ ShowNewhart
87.1%
The _____ of LifeFacts
85.1%
_____ and SonSanford
84.4%
_____ & Martin's Laugh-InRowan
70.4%
The _____ CompanyElectric
69.6%
_____ RunLogan's
63.9%
The _____ ManInvisible
57.3%
13 _____ BoulevardQueens
49.1%

Today's Daily Dose

You're not logged in!

Compare scores with friends on all Sporcle quizzes.
Join for Free
OR
Log In

You Might Also Like...

Show Comments

Extras

Top Quizzes Today


Score Distribution

Your Account Isn't Verified!

In order to create a playlist on Sporcle, you need to verify the email address you used during registration. Go to your Sporcle Settings to finish the process.

Report this User

Report this user for behavior that violates our Community Guidelines.

Details: